000 00520nam a2200217Ia 4500
003 0100
008 130307s9999 xx 000 0 und d
020 _a978365487X
040 _cARRUPELIB
050 _aB5302.T23O35 2002
245 4 _aThe third way in African philosophy
245 _bessays in honour of Kwasi Wiredu
260 _aIbadan
260 _bHope Publications
260 _c2002
300 _a345p.
300 _b23 cm
650 _aPHILOSOPHY
700 _aOladipo, Olusegun (ed.)
942 0 0 _08
999 _c93430
_d93430